00293nam a2200133Ia 45000030006000000080041000060400015000471000022000622450027000842500010001112600009001215460012001300050017001420STCL150530s9999 xx 000 0 und d aSTCLcSTCL aGardner Elton, J. aPrinciples of genetics aThird c1972 aEnglish20220125170445.0